| 000 | 00549nam a2200193Ia 4500 | ||
|---|---|---|---|
| 003 | GCL | ||
| 008 | 140319s9999 xx 000 0 ara d | ||
| 040 |
_aGCL / _cGCL |
||
| 082 | 0 | 4 |
_a810.9 _bع م |
| 100 | 1 | _aعائشة عبدالرحمن | |
| 245 | 1 | 0 |
_aمع ابى العلاء فى رحلة حياته / _cعائشة عبدالرحمن |
| 300 | _a319 | ||
| 490 |
_aكتاب _v0 |
||
| 650 | 0 | 4 | _aالتراجم |
| 650 | 0 | 4 | _aالادباء العرب |
| 650 | 0 | 4 | _aابوالعلاء المعرى |
| 650 | 0 | 4 | _aالمصرى |
| 942 |
_2ddc _cBK |
||
| 999 |
_c40790 _d40790 |
||